INORGANIC CHEMISTRY (Record no. 4527)

MARC details
000 -LEADER
fixed length control field 00429nam a22001697a 4500
008 - FIXED-LENGTH DATA ELEMENTS--GENERAL INFORMATION
fixed length control field 260210b |||||||| |||| 00| 0 eng d
020 ## - INTERNATIONAL STANDARD BOOK NUMBER
ISBN 9788131706992
100 ## - MAIN ENTRY--AUTHOR
Author SHARPE, ALAU G.
245 ## - TITLE STATEMENT
Title INORGANIC CHEMISTRY
250 ## - EDITION STATEMENT
Edition statement 3RD
260 ## - PUBLICATION, DISTRIBUTION, ETC. (IMPRINT)
Place of publication INDIA
Name of publisher PEARSON INDIA EDUCATION SERVICE PVT. LTD
Date of publication 2006
300 ## - COLLATION
Pagination XVI, 702P
Other physical details ILLUS
650 ## - TRACINGS
Main Subject CHEMISTRY
942 ## - ADDED ENTRY ELEMENTS (KOHA)
Item type Books
050 ## - LIBRARY OF CONGRESS CALL NUMBER
Classification number QD153
Item number .S43
Holdings
Source of classification or shelving scheme Not for loan Permanent location Current location Date acquired Accession No. Full call number Barcode. Copy number Koha item type
Library of Congress Classification   Samuel Ogbemudia Main Library, University of Abuja Samuel Ogbemudia Main Library, University of Abuja 02/10/2026 2023/61834 QD153 .S43 2026-0015 1 Books